Desperate Housewives Multiple Choice - Statistics

General Stats
  • This quiz has been taken 6 times
  • The average score is 7 of 10
Answer Stats
Question Answer % Correct
What game do the four main characters play every week Poker
100%
What was the name of ida greenberg's cat Toby
100%
In which season was mike delfino engaged to katherine mayfair 5
80%
In which season did Edie Britt die 5
80%
What country is desperate housewives set in Fairview
80%
What is danny bolens real name Tyler
80%
What type of street is wisteria lane Cul de sac
60%
What was the name of betty applewhites eldest son Michael
40%
Where did Karl mayer die In the hospital
20%
Who had the surname gallagher Robin
20%
No matching quizzes found
Score Distribution
Percent of People with Each Score
Percentile by Number Answered
Your Score History
You have not taken this quiz